[Event "Vereinsjugendmeisterschaft 2024"]
[Site "Steinfurt"]
[Date "2024.06.02"]
[Round "5.1"]
[White "Homann, Darius"]
[Black "Kirakosyan, Narek"]
[Result "0-1"]
[WhiteElo "1275"]
[BlackElo "1743"]
[PlyCount "88"]
[Beauty "7358352723026"]
[GameId "2056739959648611"]
[EventDate "2024.??.??"]
[WhiteTeam "SC Steinfurt 1996 e. V."]
[BlackTeam "SC Steinfurt 1996 e. V."]

{[%evp 10,88,28,20,25,25,46,31,36,34,92,32,30,0,25,0,0,0,0,0,0,-102,-98,-103,-97,-119,-110,-114,-74,-74,-39,-48,-13,-44,-40,-40,-16,-24,-3,-92,-28,-83,-32,-68,-36,-70,-75,-283,-224,-214,-213,-213,-135,-376,-133,-249,-73,-308,-223,-265,-265,-343,-330,-391,-353,-571,-563,-545,-536,-529,-335,-29944,-29946,-29937,-29943,-8850,-8850,-2887,-971,-843,-577]} 1. e4 e6 2. d4 d5 3. exd5 exd5 4. Nf3 Nf6 5. Bd3 Be7 6. O-O Nc6 {C01: Französische Verteidigung (Abtauschvariante).} 7. c3 Bg4 8. h3 Bh5 {Weiß steht etwas besser.} 9. Re1 Qd7 {[%eval 92,21] [%wdl 448,551,1]} (9... O-O $14 {[%eval 34,24] [%wdl 95,896,9]}) 10. Bb5 {[%eval 32,29] [%wdl 84,907,9]} (10. Bg5 $16 {[%eval 92,21] [%wdl 448,551,1]}) 10... O-O $14 11. Qd3 $146 ({Vorgänger:} 11. Bf4 Rfe8 12. Nbd2 a6 13. Bd3 Bd6 14. Be3 Ne4 15. Qc2 {0-1 King,A-Roberts,J Southend op London 1995}) 11... Bg6 12. Qe3 {Und jetzt Lxc6 wäre schön.} Bd6 13. Ne5 Bxe5 14. dxe5 Rfe8 15. Kf1 {[%eval -102,27] [%wdl 0,462,538]} (15. Nd2 $11 {[%eval 0,37] [%wdl 19,962,19]}) 15... a6 $17 (15... Rxe5 $6 16. Qxe5 Nxe5 17. Bxd7 Nfxd7 18. Nd2 $11) 16. Bxc6 Qxc6 (16... bxc6 $6 17. Nd2 $11) 17. Qd4 Ne4 18. Nd2 Qb5+ 19. Kg1 c5 {Schwarz steht aktiver.} 20. Qe3 {[%cal Oc3c4]} (20. Qxd5 $2 Red8 $19) 20... Rad8 (20... Rxe5 21. f3 $16) (20... d4 {sieht schärfer aus.} 21. cxd4 cxd4 22. Qxd4 Rad8) 21. Nxe4 dxe4 22. a4 {Weiss ist schwach auf den weissen Feldern} Qc4 23. Qf4 Rd5 24. Qg4 {[%eval -92,26] [%wdl 0,579,421]} (24. e6 $11 {[%eval -3,32] [%wdl 8,981,11] bleibt in der Remisbreite.}) 24... Rdxe5 {[%eval -28,28] [%wdl 2,966,32]} (24... Rexe5 25. Qc8+) (24... h5 $17 {[%eval -92,26] [%wdl 0,579,421]} 25. Qg3 Rexe5) 25. Bf4 R5e6 26. Rad1 Qb3 27. Bc1 Qxa4 {Schwarz führt seinen Vorteil zum Gewinn.} 28. f3 $2 {[%eval -283,22] [%wdl 0,0,1000]} (28. Rd5 $17 {[%eval -75,27] [%wdl 0,772,228]}) 28... Qc6 29. f4 {[#]} f5 $1 30. Qe2 b5 31. Qf2 $2 {[%eval -376,23] [%wdl 0,0,1000]} (31. Be3 $17 {[%eval -135,25] [%wdl 0,135,865] ist wohl besser.}) 31... Rd6 $2 {[%eval -133,28] [%wdl 0,144,856]} (31... Bh5 $19 {[%eval -376,23] [%wdl 0,0,1000]} 32. g4 fxg4) 32. Be3 {[%eval -249,24] [%wdl 0,0,1000] [#]} (32. Rxd6 $17 {[%eval -133,28] [%wdl 0,144,856] kämpft weiter.} Qxd6 33. Be3) 32... c4 $2 {[%eval -73,29] [%wdl 0,804,196]} (32... Rd3 $1 $19 {[%eval -249,24] [%wdl 0,0,1000] ist viel giftiger. Droht ...c4 und aus.} 33. Rxd3 exd3) 33. g4 $2 {[%eval -308,24] [%wdl 0,0,1000]} (33. Rxd6 $17 {[%eval -73,29] [%wdl 0,804,196] ist der einzige Weg für Weiss..} Qxd6 34. Bd4) 33... Red8 34. Bd4 a5 35. gxf5 Bxf5 36. Qh4 Rg6+ 37. Kf2 $2 {[%eval -571,24] [%wdl 0,0,1000] [#]} (37. Kh2 {[%eval -353,25] [%wdl 0,0,1000]} Rdd6 38. Rg1) 37... e3+ $1 $19 38. Rxe3 Qg2+ {[%mdl 64] Spiess} 39. Ke1 Rf8 40. Bc5 $2 {[%eval -32655,29] [%wdl 0,0,1000]} (40. Qf2 $19 {[%eval -335,24] [%wdl 0,0,1000]} Qd5 (40... Bxh3 41. Qxg2 Bxg2 42. Bc5 $17) 41. Rg3) 40... Qh1+ 41. Kd2 Rg2+ {[%mdl 64] Spiess} 42. Re2 Rxe2+ {[%mdl 64] Verteidiger eliminieren. Schwarz steht klar auf Gewinn.} ({Schwächer ist} 42... Qxh3 43. Qxh3 Rxe2+ 44. Kxe2 $17) 43. Kxe2 Re8+ ({Nicht} 43... Qxh3 44. Qxh3 Bxh3 45. Kf3 $17) 44. Be3 Bd3+ {Exzellente Partie von Kirakosyan!   Gewichteter Fehlerwert: Weiß=0.63/Schwarz=0.43.  Verlustzug:     	Weiß=3     	---        Gewinn verpasst:   	---       	Schwarz=2     Fehler:       	Weiß=6     	Schwarz=2     Ungenau:       	Weiß=5     	Schwarz=7     OK:         	Weiß=7     	Schwarz=12    Bester:       	Weiß=3     	---        Stark:        	---       	Schwarz=1} ({Weniger gut wäre} 44... Qxh3 45. Qxh3 Bxh3 46. Rd5 $17) 0-1

[Event "Vereinsjugendmeisterschaft 2024"]
[Site "Steinfurt"]
[Date "2024.06.02"]
[Round "5.2"]
[White "Remen, Béla"]
[Black "Wiegand, Malte"]
[Result "1-0"]
[WhiteElo "1105"]
[BlackElo "958"]
[PlyCount "93"]
[Beauty "7216350367752"]
[GameId "2056739960111460"]
[EventDate "2024.??.??"]
[WhiteTeam "SC Steinfurt 1996 e. V."]
[BlackTeam "SC Steinfurt 1996 e. V."]

{[%evp 9,92,68,199,16,243,247,248,235,256,260,379,182,368,182,257,209,203,211,207,142,225,148,152,35,218,146,143,125,180,-284,305,295,326,285,356,348,357,338,394,367,372,358,407,312,467,468,465,464,458,462,455,450,484,481,498,471,473,447,29990,29992,29993,29992,29991,29992,29992,29992,29992,29993,29993,29993,29993,29994,29994,29994,29995,29996,29996,29997,29997,29997,29997,29998,29998,29999,29999]} 1. d4 d5 2. c4 c6 3. Nc3 Nf6 4. Nf3 Bg4 5. Qb3 Bxf3 {[%eval 199,22] [%wdl 970,30,0]} (5... Qb6 $14 {[%eval 68,24] [%wdl 263,734,3]}) 6. exf3 $2 {[%eval 16,28] [%wdl 57,924,19] D15: Damengambit (Slawische Verteidigung).} ({Weiss kommt nicht vorbei an} 6. Qxb7 $1 $18 {[%eval 199,22] [%wdl 970,30,0][%cal Oe2f3]} Nbd7 7. exf3 (7. gxf3 Qc8 $16)) 6... e6 $146 {[%eval 243,22] [%wdl 994,6,0]} (6... Qb6 $11 {[%eval 16,28] [%wdl 57,924,19]}) ({Vorgänger:} 6... Qc7 7. cxd5 Nxd5 8. Bc4 e6 9. O-O Bd6 10. g3 Nxc3 11. Qxc3 Nd7 12. Re1 a5 {½-½ Linart,L (929)-Garcia,J (726) RN-2013-0-00713 LSS email}) 7. Qxb7 $18 Nbd7 8. Qxc6 {[%cal Rc4d5] Weiß steht deutlich besser.} Rc8 9. Qa4 a5 {[%eval 379,21] [%wdl 1000,0,0]} (9... dxc4 $142 {[%eval 260,24] [%wdl 997,3,0]} 10. Bxc4 Bd6) 10. Bd3 {[%eval 182,24] [%wdl 954,46,0]} (10. c5 $142 {[%eval 379,21] [%wdl 1000,0,0]}) 10... Bb4 $2 {[%eval 368,20] [%wdl 1000,0,0]} (10... dxc4 {[%eval 182,24] [%wdl 954,46,0] war einen Versuch wert.} 11. Bxc4 Bb4) 11. Qb3 {[%eval 182,27] [%wdl 957,43,0]} (11. c5 $142 {[%eval 368,20] [%wdl 1000,0,0]}) 11... Bxc3+ {[%eval 257,24] [%wdl 997,3,0]} (11... O-O $142 {[%eval 182,27] [%wdl 957,43,0]} 12. O-O dxc4 13. Bxc4 Nb6) 12. Qxc3 {Droht c5 und aus.} dxc4 13. Bxc4 O-O 14. Qb3 Rb8 {[%eval 225,25] [%wdl 994,6,0]} (14... a4 $16 {[%eval 142,24] [%wdl 849,151,0]} 15. Qb5 (15. Qxa4 $2 {ist das falsche Schlagen.} Nb6 $19) 15... Rb8 (15... Nb6 16. Be2 $16) 16. Qxa4 Nb6) 15. Qa3 Nb6 16. Qd3 {[%eval 35,24] [%wdl 72,924,4]} (16. Be2 $16 {[%eval 152,21] [%wdl 900,100,0]}) 16... Rc8 $2 {[%eval 218,23] [%wdl 993,7,0]} (16... Nxc4 $14 {[%eval 35,24] [%wdl 72,924,4]} 17. Qxc4 Rb4) 17. Bb3 a4 18. Bc2 Nbd5 {[#] Und ...Sb4 würde nun gewinnen.} 19. Bxa4 $4 {[%eval -284,24] [%wdl 0,0,1000][%mdl 8192]} (19. Qd2 $18 {[%eval 180,26] [%wdl 972,28,0]}) 19... Ra8 $4 {[%eval 305,22] [%wdl 1000,0,0][%mdl 8192]} (19... Qa5+ $19 {[%eval -284,24] [%wdl 0,0,1000] und alles wird gut.} 20. Bd2 Qxa4) 20. Bb3 {Weiß verwandelt nun seinen Vorteil.} Qb8 21. Bg5 Qc7 22. Rc1 Qd6 23. Rc5 Qd8 24. Bxd5 exd5 25. O-O h6 26. Bh4 Rc8 {[%eval 467,20] [%wdl 1000,0,0]} (26... Rxa2 $142 {[%eval 312,25] [%wdl 1000,0,0]} 27. b4 (27. Qb3 Ra6 $18) 27... Re8) 27. Rxc8 Qxc8 28. Bxf6 gxf6 {[%mdl 4096] Endspiel. KDT-KDT} 29. Qe3 Kg7 30. Rc1 Qd7 31. Qf4 Kg6 32. Rc7 Qe6 {[%cal Re6e1] [#]} 33. Qg4+ Kh7 {[%eval 32748,23] [%wdl 1000,0,0]} (33... Qxg4 $18 {[%eval 447,23] [%wdl 1000,0,0]} 34. fxg4 Ra8) 34. Qxe6 {Weiß setzt Matt.} Kg7 35. Qg4+ Kh7 36. Qf5+ Kg7 37. Rc6 Re8 38. Qxf6+ (38. Rxf6 $2 Re1#) 38... Kf8 39. Qxh6+ Kg8 40. Qg5+ Kf8 41. g3 (41. Qxd5 $2 Re1#) 41... f6 42. Qxf6+ Kg8 43. Qg6+ Kf8 44. Rf6+ Ke7 45. Rf7+ Kd8 46. Qd6+ Kc8 47. Qc7# {Gewichteter Fehlerwert: Weiß=0.48/Schwarz=0.70.  Verlustzug:     	---       	Schwarz=2     Gewinn verpasst:   	Weiß=1     	Schwarz=1     Fehler:       	Weiß=3     	Schwarz=6     Ungenau:       	Weiß=3     	Schwarz=1     OK:         	Weiß=8     	Schwarz=4     Bester:       	Weiß=2     	Schwarz=1} 1-0

[Event "Vereinsjugendmeisterschaft 2024"]
[Site "Steinfurt"]
[Date "2024.06.02"]
[Round "5.3"]
[White "Hille, Julian"]
[Black "Mennigen, Niklas"]
[Result "1-0"]
[WhiteElo "1293"]
[BlackElo "1100"]
[PlyCount "27"]
[Beauty "8246609606664"]
[GameId "2056739960119653"]
[EventDate "2024.??.??"]
[WhiteTeam "SC Steinfurt 1996 e. V."]
[BlackTeam "SC Steinfurt 1996 e. V."]

{[%evp 9,27,33,175,171,171,138,126,13,12,-263,49,-451,-203,-294,-295,-344,-336,-332,29996,29997]} 1. e4 e5 2. f4 exf4 3. Nf3 Nc6 4. d4 d6 5. Bc4 h6 {[%eval 175,23] [%wdl 936,64,0]} (5... Nf6 $14 {[%eval 33,26] [%wdl 96,893,11]}) 6. Bxf4 $18 {C34: Königsspringer-Gambit.} Nf6 7. O-O Be7 8. e5 {[%eval 13,26] [%wdl 51,928,21] Weiß steht aktiver.} (8. Nc3 $16 {[%eval 126,21] [%wdl 730,270,0]}) 8... dxe5 $11 9. dxe5 $146 {[%eval -263,20] [%wdl 0,3,997][%mdl 8192]} (9. Nxe5 $11 {[%eval 12,27] [%wdl 46,934,20]} O-O 10. Nxc6 bxc6 11. Nc3) ({Vorgänger:} 9. Nxe5 O-O 10. c3 Nxe5 11. Bxe5 b6 12. Qf3 Rb8 13. Nd2 Bb7 14. Qe3 Ng4 15. Qe2 Nxe5 16. Qxe5 {0-1 Tayro Chihuantito,L (1522)-Magana Arceo,P (1549) Las Americas Team op U2400 Hybrid Internet 2022 (5.9)}) 9... Nh7 $2 {[%eval 49,27] [%wdl 148,847,5] [#]} (9... Bc5+ $19 {[%eval -263,20] [%wdl 0,3,997]} 10. Kh1 Qxd1 11. Rxd1 Ng4 (11... Ne4 12. Bg3 $17)) 10. Nd4 $2 {[%eval -451,21] [%wdl 0,0,1000][%mdl 8192]} Bc5 {[%eval -203,24] [%wdl 0,20,980]} (10... Nxd4 11. Be3 Nf5 12. Bf2 $19) (10... Qxd4+ $142 {[%eval -451,21] [%wdl 0,0,1000]} 11. Qxd4 Nxd4) 11. Bxf7+ {[%eval -294,21] [%wdl 0,1,999]} (11. c3 {[%eval -203,24] [%wdl 0,20,980] war einen Versuch wert.} Nxd4 (11... Bxd4+ 12. cxd4 Qxd4+ 13. Qxd4 $15) 12. Bxf7+ Ke7 (12... Kxf7 13. cxd4 Bb6 14. Bg5+ $11 {[%csl Of7][%mdl 64] Abzugsangriff (Schach)}) 13. Be3 {[%mdl 64] Fesselung}) 11... Kxf7 $19 12. Be3+ {[#]} Kg8 $1 ({Weniger gut wäre} 12... Nf6 13. Qh5+ Kg8 14. Rxf6 Nxe5 (14... gxf6 $2 {zu gefräßig.} 15. Qg6+ Kf8 16. Ne6+ {[%csl Oc5][%mdl 64] Abzugsangriff} Bxe6 17. Bxc5+ Ne7 18. Qxf6+ Ke8 19. Qxh8+ Kd7 20. Qxh6 $18) 15. Rf4 $15) 13. c3 {Droht Matt per Db3+.} Nxe5 $4 {[%eval 32760,22] [%wdl 1000,0,0][%mdl 8192]} (13... Be6 $19 {[%eval -332,23] [%wdl 0,0,1000]} 14. Na3 Ng5 (14... Nxe5 $2 15. Nxe6 Bxe3+ 16. Kh1 $19)) 14. Qb3+ {Gewichteter Fehlerwert: Weiß=1.11/Schwarz=1.36.  Verlustzug:     	Weiß=2     	---        Gewinn verpasst:   	---       	Schwarz=2     Fehler:       	Weiß=2     	Schwarz=1     OK:         	Weiß=1     	Schwarz=1     Bester:       	Weiß=1     	Schwarz=1     Stark:        	---       	Schwarz=1} 1-0

[Event "Vereinsjugendmeisterschaft 2024"]
[Site "Steinfurt"]
[Date "2024.06.02"]
[Round "5.4"]
[White "Vieth, Niklas"]
[Black "Schal, Michael"]
[Result "1/2-1/2"]
[WhiteElo "1180"]
[BlackElo "1237"]
[Annotator "Admin"]
[PlyCount "59"]
[Beauty "6597338202128"]
[GameId "2056739960123750"]
[EventDate "2024.??.??"]
[WhiteTeam "SC Steinfurt 1996 e. V."]
[BlackTeam "SC Steinfurt 1996 e. V."]

1. e4 e5 2. Nf3 Nc6 3. Bc4 Bc5 4. d3 Nf6 5. Bg5 d6 6. Bxf6 Qxf6 7. Nc3 Bg4 8. Nd5 Qd8 9. c3 h6 10. h3 Bh5 11. b4 Bb6 12. Nxb6 axb6 13. a3 Qf6 14. O-O g5 15. g4 Bg6 16. Nh2 h5 17. Qf3 Qg7 18. Kg2 Nd8 19. a4 c6 20. b5 Ne6 21. Bxe6 fxe6 22. c4 c5 23. gxh5 Bxh5 24. Ng4 Ke7 25. Rh1 Rhf8 26. Qg3 Rf4 27. f3 Raf8 28. Raf1 Ra8 {(=)} 29. h4 Bxg4 30. fxg4 {(=)} 1/2-1/2

[Event "Vereinsjugendmeisterschaft 2024"]
[Site "Steinfurt"]
[Date "2024.06.02"]
[Round "5.5"]
[White "Hengelman, Nick"]
[Black "Ricker, Liam"]
[Result "1-0"]
[WhiteElo "1011"]
[BlackElo "752"]
[PlyCount "49"]
[Beauty "8249826882101"]
[GameId "2056739960127847"]
[EventDate "2024.??.??"]
[WhiteTeam "SC Steinfurt 1996 e. V."]
[BlackTeam "SC Steinfurt 1996 e. V."]

{[%evp 9,48,415,429,394,474,473,549,517,523,516,526,508,537,533,669,666,708,703,1008,965,1068,878,29977,29979,29987,29988,29988,29975,29985,1075,29984,1121,29992,29993,29998,29995,29995,29996,29996,29997,29999]} 1. e4 e5 2. Bc4 c6 3. Nf3 {[%cal Bg1f3,Bf3e5,Be5f7][%mdl 32]} Bb4 4. Nxe5 $146 ({Vorgänger:} 4. a3 Bc5 5. d3 Qa5+ 6. b4 Qa4 7. Nc3 Qa6 8. Bxa6 bxa6 9. Nxe5 Bb6 10. Qf3 {0-1 Ramos Reategui,M (813)-Muniz Mosquera,M (405) Preinscritos IRT Online Chess.com INT 2020 (8)}) 4... Bc5 5. Nxf7 Qh4 {[%csl Gc5][%cal Rh4f2] [#]} 6. d4 {C23: Läuferspiel.} (6. Nxh8 $2 Qxf2#) 6... Bb4+ 7. c3 Be7 8. O-O {Weiß steht klar auf Gewinn.} d5 9. exd5 {[%cal Be4d5,Bd5d6][%mdl 32]} Kxf7 10. d6+ Ke8 11. dxe7 h5 {[%cal Bh7h5,Bh5h4][%mdl 32]} 12. Re1 Qf6 {Es drohte Lf7+} 13. Nd2 h4 14. Ne4 Qxe7 15. Ng5 Be6 16. Rxe6 {[%mdl 64] [#] Fesselung} Rh6 17. Rxe7+ Nxe7 18. Ne6 Kd7 {[%cal Be8d7,Bd7d6,Bd6c7,Bc7b6][%mdl 32]} 19. Nxg7 {[%eval 1075,23] [%wdl 1000,0,0]} (19. Bxh6 $142 {[%eval 32738,27] [%wdl 1000,0,0]} gxh6 20. Qh5 Na6 21. Bxa6 (21. Qxh6 b5 $18) 21... Rh8 22. Nc5+ (22. Bxb7 Rh7 23. Nc5+ Kd8 24. Re1 Rg7 25. Qe5 Rxg2+ {[%mdl 64] Verteidiger eliminieren, Hinlenkung} 26. Kxg2 h3+ 27. Kxh3 Nc8 28. Qb8 h5 29. Qxc8#) 22... Kd8 23. Qg4 (23. Bxb7 Rg8 24. Qe5 Ke8 25. Re1 Kf7 26. Qf4+ {[%csl Of7,Oh4,Oh6][%mdl 64] Ablenkung, Doppelangriff} Kg7 27. Rxe7+ Kg6 28. Re6+ Kg7 29. Qxh6+ Kf7 30. Qf6#) 23... Ke8 24. Re1 (24. Nxb7 Rg8 25. Qxh4 Kd7 26. Qxh6 Ng6 27. Nc5+ Kd8 28. Qh7 Ne7)) 19... Na6 20. Bxh6 {[%eval 1121,24] [%wdl 1000,0,0]} (20. Qg4+ $142 {[%eval 32736,24] [%wdl 1000,0,0]} Kc7 21. Bf4+ (21. Bxh6 b5 $18) 21... Kd8 22. Bxh6 Kc7 23. Ne6+ (23. Qxh4 Nd5 24. Qg3+ Kd7 25. Nf5 Re8 26. Qd6+ Kc8 27. Bxa6 Nc7 28. Qxc6 Re6 {[%mdl 64] Fesselung}) (23. Qe6 Rd8 24. Qxe7+ Kb6 25. Qxd8+ Nc7 26. Bf4 Ka5 27. Qxc7+ Ka4 28. Qxb7 a5 29. Qxc6#) 23... Kb6 24. a4 (24. Qxh4 Nd5 25. a4 Ka5 26. b4+ Naxb4 27. cxb4+ Kxb4 28. Bxd5 Ka5 29. Qe7 {[%mdl 64] Überlastung} b6 30. Bd2+ Ka6 31. Bxc6 Rh8 32. Nc7#) 24... Ka5 25. b4+ (25. Qxh4 Nd5 26. b4+ Naxb4 27. cxb4+ Kxb4 28. Bxd5 Ka5 29. Qe7 {[%mdl 64] Ablenkung} b6 30. Bd2+ Ka6 31. Bxc6 Rh8 32. Nc7#) 25... Nxb4 26. cxb4+ Kxb4 27. Rb1+ {[%mdl 64] Spiess} (27. Qxh4 Ng6 28. Qh5 Nf4 29. Qc5+ Kc3 30. Bd5+ Kd2 31. Nxf4 cxd5 32. Qc1#) 27... Kxc4 28. Qf3 Rh8 29. Qb3#) 20... Rf8 21. Qg4+ {Weiß setzt Matt.} Kd6 22. Qe6+ Kc7 23. Qxe7+ Kb6 24. a4 {[%cal Ba2a4,Ba4a5][%mdl 32]} Rh8 25. a5# {Nach der Eröffnung ein Spiel auf ein Tor. Cool gespielt von Hengelman.   Gewichteter Fehlerwert: Weiß=0.08 (makellos) /Schwarz=0.86.  OK:         	Weiß=4     	Schwarz=1} 1-0

[Event "Vereinsjugendmeisterschaft 2024"]
[Site "Steinfurt"]
[Date "2024.06.02"]
[Round "5.6"]
[White "Venmanns, Elisha David"]
[Black "Schlees, David"]
[Result "0-1"]
[WhiteElo "817"]
[BlackElo "748"]
[PlyCount "70"]
[Beauty "7975888486410"]
[GameId "2056739960136040"]
[EventDate "2024.??.??"]
[WhiteTeam "SC Steinfurt 1996 e. V."]
[BlackTeam "SC Steinfurt 1996 e. V."]

{[%evp 9,70,32,217,96,113,35,47,-117,36,-107,-94,-235,-231,-231,-141,-161,-100,-349,-146,-299,-294,-377,-380,-464,-380,-527,-446,-497,-494,-512,-511,-554,-542,-582,-526,-546,-533,-567,-564,-543,-330,-334,-337,-335,-333,-333,-300,-328,-307,-377,-377,-372,-358,-497,-496,-475,-336,-429,-422,-412,-405,-398,-217]} 1. e4 c5 2. Nf3 e6 3. Nc3 Nc6 4. d4 cxd4 5. Nxd4 g6 $2 {[%eval 217,21] [%wdl 984,16,0]} (5... Qc7 $14 {[%eval 32,24] [%wdl 93,896,11]}) 6. Nxc6 {[%eval 96,26] [%wdl 490,509,1] B45: Sizilianisch (Klassisches System).} (6. Ndb5 $18 {[%eval 217,21] [%wdl 984,16,0]}) 6... bxc6 7. g4 $146 {[%eval 35,25] [%wdl 102,888,10]} (7. Qd4 $16 {[%eval 113,23] [%wdl 632,367,1]} f6 8. Bd3) ({Vorgänger:} 7. e5 d5 8. exd6 Qxd6 9. Qf3 Nf6 10. Bf4 e5 11. Qe2 Nd7 12. Bd2 Be7 13. g4 Rb8 14. b3 Nf6 15. h3 h5 16. g5 Nd5 17. Ne4 Qe6 18. Qf3 Qf5 19. Qxf5 Bxf5 20. Bd3 {½-½ Bajarani,U (2392)-Diamant,A (2526) Wch U20 Puerto Madryn 2009 (5)}) 7... Bg7 8. Bc4 $2 {[%eval -117,20] [%wdl 1,338,661]} (8. Qd6 $14 {[%eval 47,25] [%wdl 148,845,7] behält die Oberhand.}) 8... Ne7 $2 {[%eval 36,23] [%wdl 102,889,9]} ({Besser ist} 8... d5 $17 {[%eval -117,20] [%wdl 1,338,661] Weiss muss nun ...Da5 beachten.} 9. Be2 Nf6) 9. Bg5 {[%eval -107,26] [%wdl 1,419,580]} (9. Qd6 $1 $14 {[%eval 36,23] [%wdl 102,889,9] bleibt weiter vorne.}) 9... h6 $17 10. Bxe7 {[%eval -235,23] [%wdl 0,7,993]} (10. Bf4 $17 {[%eval -94,24] [%wdl 1,528,471]}) 10... Qxe7 $19 11. Qd2 Bb7 (11... Qb4 12. Bb3) 12. O-O-O O-O {[%eval -100,25] [%wdl 0,484,516]} ({Günstiger ist} 12... d5 $19 {[%eval -161,26] [%wdl 0,84,916]} 13. exd5 cxd5 14. Nxd5 (14. Bb5+ Kf8 $17) 14... Qc5 {[%mdl 64] Fesselung} (14... Bxd5 15. Bxd5 Rc8 16. Bb3 $14) (14... exd5 $2 15. Rhe1 $18 {[%mdl 64] Fesselung}) 15. Nf6+ Ke7 16. Qd7+ Kxf6 17. Qxb7 Qxc4 18. Qf3+ Ke7 19. Qb7+ Kf6 20. Qf3+ Ke7 21. Qb7+ Kf6) 13. Qe2 {[%eval -349,23] [%wdl 0,0,1000]} ({Viel schlechter ist} 13. Qxd7 Qg5+ 14. Qd2 (14. Kb1 Bxc3 15. bxc3 Rab8 $15) 14... Qxg4 $15) (13. Qd6 $17 {[%eval -100,25] [%wdl 0,484,516]} Qh4 14. Qg3 (14. Qxd7 Qxf2 15. Rhf1 Qe3+ 16. Qd2 Qc5 $17) 14... Qxg3 15. hxg3) 13... Qg5+ {[%eval -146,24] [%wdl 0,130,870]} (13... d5 $19 {[%eval -349,23] [%wdl 0,0,1000] und Schwarz behält klar die Oberhand.} 14. Bd3 Bxc3 15. bxc3 Rad8 16. exd5 Rxd5 (16... cxd5 $2 17. Rhg1 $19)) 14. Rd2 $2 {[%eval -299,27] [%wdl 0,0,1000]} (14. Qe3 $17 {[%eval -146,24] [%wdl 0,130,870] ist wohl besser.}) 14... d5 15. exd5 cxd5 ({Nicht} 15... exd5 16. Bb3 $19) 16. h4 Qe7 17. Bxd5 Bxd5 {[%mdl 64] [#] Verteidiger eliminieren} 18. Nxd5 Qb7 {[%csl Ob2,Od5][%mdl 64] Fesselung, Doppelangriff} 19. b3 exd5 20. g5 h5 21. f4 d4 22. Rf1 Qb4 23. f5 Qc3 {[%cal Rc3a1] [#]} 24. Rd3 Qb4 25. f6 Rfe8 26. Qd2 Qxd2+ 27. Rxd2 Bf8 28. Rxd4 Ba3+ 29. Kd1 Rad8 30. Rxd8 Rxd8+ {KTL-KT} 31. Ke1 Bb4+ 32. Ke2 Re8+ 33. Kf2 Re4 34. Rd1 Bc5+ ({Auf keinen Fall} 34... Rxh4 35. Rd8+ Bf8 36. c4) 35. Kf3 Re8 {[%eval -217,32] [%wdl 0,1,999] Gewichteter Fehlerwert: Weiß=0.69/Schwarz=0.59.  Verlustzug:     	Weiß=1     	---        Gewinn verpasst:   	---       	Schwarz=1     Fehler:       	Weiß=5     	Schwarz=3     Ungenau:       	Weiß=2     	Schwarz=2     OK:         	Weiß=8     	Schwarz=10} (35... Rxh4 $142 {[%eval -398,26] [%wdl 0,0,1000]} 36. Rd8+ Bf8 (36... Kh7 $2 37. Rd7 $19)) 0-1